Jornades sobre els centres diürns de Serveis Socials per a la infància i l'adolescència
Descripción Física:
218 p. ; 24 cm
Colección:
Col·lecció serveis socials ; 3
MARC
| LEADER | 00000nam a2200000Ia 4500 | ||
|---|---|---|---|
| 001 | 2345 | ||
| 003 | BGR | ||
| 005 | 20260324175301.0 | ||
| 008 | 160829s9999 xx 000 0 cat d | ||
| 080 | |a S-1-38 | ||
| 111 | |a Jornades sobre els Centres Diürns de Serveis Socials per a la Infància i l'Adolescència |9 71309 |c (Barcelona : |d 1985) | ||
| 245 | |a Jornades sobre els centres diürns de Serveis Socials per a la infància i l'adolescència | ||
| 260 | |a Barcelona : |b Diputació de Barcelona, Servei de Serveis Socials, DL 1986 | ||
| 300 | |a 218 p. ; |c 24 cm | ||
| 490 | |a Col·lecció serveis socials ; 3 | ||
| 650 | 0 | |a Infants |x Assistència institucional |x Barcelona (Catalunya : Província) |9 24657 | |
| 650 | 0 | |a Adolescents |x Assistència institucional |x Barcelona (Catalunya : Província) |9 31486 | |
| 650 | |a Centres d'acolliment |x Barcelona (Província) |9 23928 | ||
| 710 | |a Barcelona (Catalunya : Província). |b Servei de Serveis Socials |9 2896 | ||
| 901 | |a Arxiu | ||
| 942 | |n 1 |2 udc |c JC | ||
| 952 | |0 0 |1 0 |4 0 |6 S138 |7 1 |9 43325 |a Arxiu |b Arxiu |d 2016-12-01 |l 0 |o S-1-38 |p 2345 |r 2016-12-01 00:00:00 |w 2016-12-01 |y ARXIU | ||
| 999 | |c 45870 |d 45870 | ||